Normal view
MARC view
Entry Personal Name
001 - CONTROL NUMBER
- control field: 9715
003 - CONTROL NUMBER IDENTIFIER
- control field: BD-RjUL
005 - DATE AND TIME OF LATEST TRANSACTION
- control field: 20231019145123.0
008 - FIXED-LENGTH DATA ELEMENTS
- fixed length control field: 231019|| aca||aabn | a|a d
040 ## - CATALOGING SOURCE
- Original cataloging agency: BD-RjUL
- Transcribing agency: BD-RjUL
100 ## - HEADING--PERSONAL NAME
- Personal name: Bakshi, Mayuresh V
670 ## - SOURCE DATA FOUND
- Source citation: Work cat.: (BD-RjUL)82172: Bakshi,Uday A. 9713, Electrical Machines -II /, 2023